Ciudades en las que ha celebrado el Festival OTI de la Canción (+mapa) - Estadísticas

Estadísticas generales
  • Esta prueba ha sido intentada 100 veces
  • La puntuación promedio es 14 de 18
Respuestas en el mapa
Las respuestas están codificadas por una escala verde-roja en el mapa de la prueba según el % correcto abajo.
 
Estadísticas de respuestas
Ciudad Año(s) % Correcto
Madrid 1972, 1977
99%
Ciudad de México 1981, 1984
97%
Lisboa 1987
97%
Buenos Aires 1980, 1988
95%
Lima 1982, 1997
95%
Quito 1996
95%
Caracas 1979
94%
Valencia 1992, 1993,1994
94%
Sevilla 1985
92%
Miami 1989
90%
San José 1998
83%
Washington D. C. 1983
74%
Las Vegas 1990
73%
Santiago de Chile 1978, 1986
70%
San Juan 1975
64%
Acapulco 1974, 1976, 1991, 2000
44%
Belo Horizonte 1973
34%
San Bernardino 1995
5%
No se encontraron pruebas coincidentes
Distribución de puntuación
Porcentaje de gente con cada puntuación
Porcentaje por número respondido
Historial de tus puntuaciones
No has intentado esta prueba.